Capitalism's Achilles heel : (Record no. 17321)

000 -LEADER
fixed length control field 01485cam a22003614a 4500
001 - CONTROL NUMBER
control field 13912014
003 - CONTROL NUMBER IDENTIFIER
control field OSt
005 - DATE AND TIME OF LATEST TRANSACTION
control field 20170105103507.0
008 - FIXED-LENGTH DATA ELEMENTS--GENERAL INFORMATION
fixed length control field 050325s2005 njua b 001 0 eng
010 ## - LIBRARY OF CONGRESS CONTROL NUMBER
LC control number 2005008297
020 ## - INTERNATIONAL STANDARD BOOK NUMBER
International Standard Book Number 0471644889 (cloth)
020 ## - INTERNATIONAL STANDARD BOOK NUMBER
International Standard Book Number 9780471644880
040 ## - CATALOGING SOURCE
Original cataloging agency ASAB
Transcribing agency ASAB
Modifying agency ASAB
042 ## - AUTHENTICATION CODE
Authentication code pcc
050 00 - LIBRARY OF CONGRESS CALL NUMBER
Classification number HB501
Item number .B235 2005
082 00 - DEWEY DECIMAL CLASSIFICATION NUMBER
Classification number 306.3
Edition number 22
100 1# - MAIN ENTRY--PERSONAL NAME
Personal name Baker, Raymond W.,
Dates associated with a name 1935-
9 (RLIN) 1109
245 10 - TITLE STATEMENT
Title Capitalism's Achilles heel :
Remainder of title dirty money and how to renew the free-market system /
Statement of responsibility, etc. Raymond W. Baker.
260 ## - PUBLICATION, DISTRIBUTION, ETC.
Place of publication, distribution, etc. Hoboken, N.J. :
Name of publisher, distributor, etc. John Wiley & Sons,
Date of publication, distribution, etc. c2005.
300 ## - PHYSICAL DESCRIPTION
Extent ix, 438 p. :
Other physical details ill. ;
Dimensions 24 cm.
504 ## - BIBLIOGRAPHY, ETC. NOTE
Bibliography, etc. note Includes bibliographical references (p. 383-423) and index.
650 #0 - SUBJECT ADDED ENTRY--TOPICAL TERM
Topical term or geographic name entry element Capitalism
General subdivision Moral and ethical aspects.
9 (RLIN) 1110
650 #0 - SUBJECT ADDED ENTRY--TOPICAL TERM
Topical term or geographic name entry element Commercial crimes.
9 (RLIN) 1111
650 #0 - SUBJECT ADDED ENTRY--TOPICAL TERM
Topical term or geographic name entry element Corruption.
9 (RLIN) 1112
650 #0 - SUBJECT ADDED ENTRY--TOPICAL TERM
Topical term or geographic name entry element Poverty.
9 (RLIN) 1113
650 #0 - SUBJECT ADDED ENTRY--TOPICAL TERM
Topical term or geographic name entry element Utilitarianism.
9 (RLIN) 1114
856 41 - ELECTRONIC LOCATION AND ACCESS
Materials specified Table of contents only
Uniform Resource Identifier <a href="http://www.loc.gov/catdir/toc/ecip0510/2005008297.html">http://www.loc.gov/catdir/toc/ecip0510/2005008297.html</a>
856 42 - ELECTRONIC LOCATION AND ACCESS
Materials specified Contributor biographical information
Uniform Resource Identifier <a href="http://www.loc.gov/catdir/enhancements/fy0622/2005008297-b.html">http://www.loc.gov/catdir/enhancements/fy0622/2005008297-b.html</a>
856 42 - ELECTRONIC LOCATION AND ACCESS
Materials specified Publisher description
Uniform Resource Identifier <a href="http://www.loc.gov/catdir/enhancements/fy0622/2005008297-d.html">http://www.loc.gov/catdir/enhancements/fy0622/2005008297-d.html</a>
906 ## - LOCAL DATA ELEMENT F, LDF (RLIN)
a 7
b cbc
c orignew
d 1
e ecip
f 20
g y-gencatlg
942 ## - ADDED ENTRY ELEMENTS (KOHA)
Source of classification or shelving scheme
Koha item type Book
Holdings
Withdrawn status Lost status Source of classification or shelving scheme Damaged status Not for loan Collection code Permanent Location Current Location Date acquired Total Checkouts Full call number Barcode Date last seen Price effective from Koha item type
            Atta-ur-Rahman School of Applied Biosciences (ASAB) Atta-ur-Rahman School of Applied Biosciences (ASAB) 09/11/2015   306.3 BAK ASAB849 09/11/2015 09/11/2015 Book
© 2023 Central Library, National University of Sciences and Technology. All Rights Reserved.